000 01645cam a2200397Ma 4500
001 on1256250073
003 OCoLC
005 20240717104841.0
006 m o d
007 cr |||||||||||
008 100513s2011 nyuab ob 001 0 eng d
010 _z 2010020200
020 _z9780073529943 (alk. paper)
020 _z007352994X (alk. paper)
035 _a(OCoLC)1256250073
040 _aINARC
_beng
_cINARC
_dOCLCO
_dOCLCF
_dOCLCO
_dOCLCL
050 0 4 _aHF1416
082 0 4 _a658.8/4
_222
100 1 _aCateora, Philip R.
_945490
245 1 0 _aInternational marketing /
_cPhilip R. Cateora, Mary C. Gilly, John L. Graham.
250 _a15th ed.
260 _aNew York, NY :
_bMcGraw-Hill/Irwin,
_cc2011.
300 _a1 online resource (xxxiii, 622 pages :
_bcolor illustrations, color maps)
504 _aIncludes bibliographical references and index.
650 0 _aExport marketing.
_943452
650 0 _aInternational business enterprises.
_91079
650 6 _aEntreprises multinationales.
_936817
650 7 _aExport marketing.
_2fast
_0(OCoLC)fst00918703
_943452
650 7 _aInternational business enterprises.
_2fast
_0(OCoLC)fst00976774
_91079
700 1 _aGilly, Mary C.
_945491
700 1 _aGraham, John L.
_945492
758 _ihas work:
_aInternational marketing (Text)
_1https://id.oclc.org/worldcat/entity/E39PD39V6cc7yHdRKQW3YrFXFq
_4https://id.oclc.org/worldcat/ontology/hasWork
856 4 0 _uhttps://koha.ucc.edu.gh/cgi-bin/koha/opac-retrieve-file.pl?id=c358e818da5ec10f48b49bffe595a871
_zFree eBook from the Internet Archive
942 _2lcc
_cCR
948 _hNO HOLDINGS IN GHUCC - 1 OTHER HOLDINGS
999 _c51178
_d51178